[Event "IIFL WEALTH VI Under-13 2021"]
[Site "Mumbai"]
[Date "2022.01.06"]
[Round "8.2"]
[White "Bagwe Gaurang"]
[Black "Jaiveer Mahendru"]
[Result "1/2-1/2"]
[WhiteElo "1850"]
[BlackElo "1721"]
[Annotator "NA RC"]
[PlyCount "99"]
[EventDate "2021.12.30"]
[EventType "swiss"]
[EventCountry "IND"]
[SourceTitle "playchess.com"]
[Source "ChessBase"]
[SourceQuality "1"]
[TimeControl "5400+30"]

1. e4 {[%emt 0:00:03]} c5 {[%emt 0:00:05]} 2. Nf3 {[%emt 0:00:05]} d6 {[%emt 0:00:00]} 3. d4 cxd4 {[%emt 0:00:05]} 4. Nxd4 {[%emt 0:00:07]} Nf6 {[%emt 0:00:07]} 5. Nc3 {[%emt 0:00:03]} a6 {[%emt 0:00:03]} 6. g3 {[%emt 0:00:05]} e5 {[%emt 0:00:05]} 7. Nde2 {[%emt 0:00:04]} Be7 {[%emt 0:00:05]} 8. Bg2 {[%emt 0:00:04]} O-O {[%emt 0:00:08]} 9. O-O {[%emt 0:00:59]} Nbd7 {[%emt 0:00:35]} 10. h3 {[%emt 0:01:15]} b5 {[%emt 0:00:42]} 11. g4 {[%emt 0:00:41]} b4 {[%emt 0:03:26]} 12. Nd5 {[%emt 0:00:04]} Nxd5 {[%emt 0:00:18]} 13. exd5 {[%emt 0:00:20]} a5 {[%emt 0:02:33]} 14. Be3 {[%emt 0:07:35]} Ba6 {[%emt 0:01:39]} 15. Qd2 {[%emt 0:01:47]} Rb8 {[%emt 0:09:21]} 16. Rfc1 {[%emt 0:04:22]} a4 {[%emt 0:07:01]} 17. Ng3 {[%emt 0:02:11]} g6 {[%emt 0:00:38]} 18. c3 {[%emt 0:01:44]} f5 {[%emt 0:06:50]} 19. Bh6 {[%emt 0:02:26]} Rf7 {[%emt 0:00:19]} 20. cxb4 {[%emt 0:04:04]} Bh4 {[%emt 0:03:32]} 21. Rc6 {[%emt 0:01:56]} Bb5 {[%emt 0:01:52]} 22. Rxd6 {[%emt 0:00:52]} Rb6 {[%emt 0:05:01]} 23. Rxb6 {[%emt 0:02:24]} Nxb6 {[%emt 0:00:08]} 24. Be3 {[%emt 0:05:46]} Nc4 {[%emt 0:01:33]} 25. Qe1 {[%emt 0:01:58]} f4 {[%emt 0:01:07]} 26. Bc5 {[%emt 0:00:10]} fxg3 {[%emt 0:01:13]} 27. fxg3 {[%emt 0:00:10]} Bf6 {[%emt 0:03:11]} 28. d6 {[%emt 0:02:02]} Kh8 {[%emt 0:06:41]} 29. Bd5 {[%emt 0:00:53]} Rg7 {[%emt 0:00:48]} 30. Bxc4 {[%emt 0:13:42]} Bxc4 {[%emt 0:00:09]} 31. b3 {[%emt 0:04:05]} axb3 {[%emt 0:04:12]} 32. axb3 {[%emt 0:00:09]} Bxb3 {[%emt 0:00:09]} 33. Qe4 {[%emt 0:00:36]} Rg8 {[%emt 0:09:15]} 34. Ra7 {[%emt 0:00:18]} Be6 {[%emt 0:02:38]} 35. h4 {[%emt 0:11:08]} Qc8 {[%emt 0:03:56]} 36. g5 {[%emt 0:02:15]} Bg7 {[%emt 0:03:33]} 37. Rc7 {[%emt 0:04:49]} Qa6 {[%emt 0:02:16]} 38. Re7 $2 {[%emt 0:06:36] [#]} (38. Ra7 $11 {and White stays safe.} Qb5 39. Ra5) 38... Bh3 $2 {[%emt 0:02:05]} ({And not} 38... Qa1+ 39. Kh2 $17) (38... Rf8 $1 $19 39. Kh2 (39. Rxe6 $2 Qa1+ 40. Kh2 Qa2+ 41. Qg2 Qxe6 $19) (39. b5 Qxb5) 39... Bf5) 39. Kh2 {[%emt 0:00:44]} (39. g4 $1 $11 {keeps the balance.} Qf1+ 40. Kh2) 39... Bf5 {[%emt 0:03:37]} 40. Qg2 $2 {[%emt 0:00:54]} (40. Qe1 $17 {keeps fighting.}) 40... Qd3 {[%emt 0:00:26]} 41. g4 {[%emt 0:04:50]} Be4 {[%emt 0:00:18]} 42. Qf2 {[%emt 0:01:26]} Bf3 {[%emt 0:02:04]} 43. d7 {[%emt 0:01:07]} e4 {[%emt 0:03:57]} 44. Qa2 {[%emt 0:01:45]} Bxg4 $11 {[%emt 0:09:08]} 45. Qxg8+ {[%emt 0:07:23]} Kxg8 {[%emt 0:00:01]} 46. Re8+ {[%emt 0:00:01]} Kf7 {[%emt 0:00:34]} 47. Re7+ {[%emt 0:00:49]} Kg8 {[%emt 0:00:35]} 48. Re8+ {[%emt 0:00:22]} Kf7 {[%emt 0:00:03]} 49. Re7+ {[%emt 0:02:21]} Kg8 {[%emt 0:00:32]} 50. Re8+ {[%emt 0:00:11]} 1/2-1/2

[Event "IIFL WEALTH VI Under-13 2021"]
[Site "Mumbai"]
[Date "2022.01.06"]
[Round "8.3"]
[White "Kajrolkar Dakshil"]
[Black "Adireddy Arjun"]
[Result "0-1"]
[WhiteElo "1357"]
[BlackElo "1658"]
[Annotator "NA RC"]
[PlyCount "99"]
[EventDate "2021.12.30"]
[EventType "swiss"]
[EventCountry "IND"]
[SourceTitle "playchess.com"]
[Source "ChessBase"]
[SourceQuality "1"]
[TimeControl "5400+30"]

1. d4 {[%emt 0:00:22]} d5 {[%emt 0:00:39]} 2. c4 {[%emt 0:00:30]} c6 {[%emt 0:00:21]} 3. Nf3 {[%emt 0:00:33]} Nf6 {[%emt 0:00:04]} 4. Nbd2 {[%emt 0:00:57]} Bf5 {[%emt 0:03:52]} 5. g3 {[%emt 0:01:49]} h6 {[%emt 0:00:35]} 6. Bg2 {[%emt 0:01:05]} e6 {[%emt 0:00:20]} 7. O-O {[%emt 0:00:53]} Bd6 {[%emt 0:00:46]} 8. b3 {[%emt 0:01:39]} Nbd7 {[%emt 0:00:16]} 9. Bb2 {[%emt 0:00:43]} O-O {[%emt 0:01:31]} 10. Rc1 {[%emt 0:02:10]} Qe7 {[%emt 0:00:53]} 11. Re1 {[%emt 0:02:24]} Bh7 {[%emt 0:02:08]} 12. e3 {[%emt 0:08:33]} Rfd8 {[%emt 0:02:32]} 13. Qe2 {[%emt 0:01:40]} Ne4 {[%emt 0:08:57]} 14. Red1 {[%emt 0:04:43]} f5 {[%emt 0:01:55]} 15. Nxe4 {[%emt 0:03:36]} fxe4 {[%emt 0:00:31]} 16. Nd2 {[%emt 0:00:19]} a6 {[%emt 0:13:57]} 17. f3 {[%emt 0:05:21]} exf3 {[%emt 0:00:15]} 18. Bxf3 {[%emt 0:00:10]} e5 {[%emt 0:00:42]} 19. cxd5 {[%emt 0:00:47]} e4 {[%emt 0:00:12]} 20. Bg2 {[%emt 0:06:31]} cxd5 {[%emt 0:00:09]} 21. Rf1 {[%emt 0:02:16]} Nf6 {[%emt 0:01:00]} 22. Bh3 {[%emt 0:05:19]} Bg6 {[%emt 0:00:31]} 23. Qg2 {[%emt 0:02:56]} Be8 {[%emt 0:01:49]} 24. a4 {[%emt 0:00:48]} b5 {[%emt 0:00:26]} 25. Ra1 {[%emt 0:01:57]} bxa4 {[%emt 0:01:10]} 26. bxa4 {[%emt 0:00:07]} Rab8 {[%emt 0:00:14]} 27. Bc3 {[%emt 0:01:23]} Bb4 {[%emt 0:02:37]} 28. Bxb4 {[%emt 0:02:10]} Rxb4 {[%emt 0:00:07]} 29. a5 {[%emt 0:00:33]} Rb2 {[%emt 0:00:51]} 30. Rfb1 {[%emt 0:02:07]} Rdb8 {[%emt 0:00:10]} 31. Qf1 {[%emt 0:01:44]} Qd6 {[%emt 0:04:22]} 32. Qc1 {[%emt 0:02:26]} Rxb1 {[%emt 0:02:03]} 33. Rxb1 {[%emt 0:00:23]} Rxb1 {[%emt 0:00:31]} 34. Nxb1 {[%emt 0:05:27]} Qb4 {[%emt 0:00:07]} 35. Be6+ {[%emt 0:01:41]} Kh7 {[%emt 0:02:04]} 36. Bf5+ {[%emt 0:02:31]} Bg6 {[%emt 0:00:41]} 37. Bc8 {[%emt 0:00:45]} Qxa5 {[%emt 0:00:35]} 38. Qf1 {[%emt 0:01:05]} Qb6 {[%emt 0:01:43]} 39. Bxa6 {[%emt 0:03:28]} Qb3 {[%emt 0:01:12]} 40. Nd2 {[%emt 0:02:38]} Qxe3+ {[%emt 0:00:20]} 41. Qf2 {[%emt 0:00:11]} Qa3 {[%emt 0:01:14]} 42. Qf1 {[%emt 0:01:38]} Qa4 {[%emt 0:00:53]} 43. Kh1 {[%emt 0:02:29]} Qxd4 {[%emt 0:00:14]} 44. Qe2 {[%emt 0:00:11]} Bh5 {[%emt 0:00:30]} 45. Qe1 {[%emt 0:00:25]} e3 {[%emt 0:01:10]} 46. Nb3 {[%emt 0:00:59]} Bf3+ {[%emt 0:02:56]} 47. Kg1 {[%emt 0:00:23]} Qb2 {[%emt 0:00:19]} 48. Bd3+ {[%emt 0:00:59]} g6 {[%emt 0:01:24]} 49. Qf1 {[%emt 0:00:32]} e2 {[%emt 0:00:22]} 50. Qxf3 {[%emt 0:00:46]} 0-1

[Event "IIFL WEALTH VI Under-13 2021"]
[Site "Mumbai"]
[Date "2022.01.06"]
[Round "8.4"]
[White "Sharnarthi Viresh"]
[Black "Roy Aanya"]
[Result "0-1"]
[WhiteElo "1456"]
[BlackElo "1329"]
[Annotator "NA RC"]
[PlyCount "88"]
[EventDate "2021.12.30"]
[EventType "swiss"]
[EventCountry "IND"]
[SourceTitle "playchess.com"]
[Source "ChessBase"]
[SourceQuality "1"]
[TimeControl "5400+30"]

1. d4 {[%emt 0:00:02]} Nf6 {[%emt 0:00:12]} 2. c4 {[%emt 0:00:04]} c5 {[%emt 0:00:05]} 3. d5 {[%emt 0:00:03]} b5 {[%emt 0:00:15]} 4. cxb5 {[%emt 0:00:06]} a6 {[%emt 0:00:04]} 5. b6 {[%emt 0:00:23]} Qxb6 {[%emt 0:00:41]} 6. Nc3 {[%emt 0:01:09]} a5 {[%emt 0:00:18]} 7. e4 {[%emt 0:05:13]} d6 {[%emt 0:00:27]} 8. f4 {[%emt 0:01:11]} a4 {[%emt 0:10:09]} 9. e5 {[%emt 0:03:02]} dxe5 {[%emt 0:00:59]} 10. fxe5 {[%emt 0:00:05]} Nfd7 {[%emt 0:09:26]} 11. Bb5 {[%emt 0:04:06]} g6 {[%emt 0:02:26]} 12. Qe2 {[%emt 0:04:31]} Ba6 {[%emt 0:01:14]} 13. d6 {[%emt 0:09:37]} e6 {[%emt 0:06:46]} 14. Nh3 {[%emt 0:05:25]} Bg7 {[%emt 0:02:41]} 15. Qe4 {[%emt 0:27:01]} Bxb5 {[%emt 0:12:51]} 16. Nxb5 {[%emt 0:00:13]} Qxb5 {[%emt 0:00:15]} 17. Qxa8 {[%emt 0:00:18]} Qb4+ {[%emt 0:02:34]} 18. Kf1 {[%emt 0:03:28]} Nxe5 {[%emt 0:05:24]} 19. Nf2 {[%emt 0:03:44]} Nec6 {[%emt 0:07:21]} 20. d7+ {[%emt 0:04:27]} Kxd7 {[%emt 0:01:34]} 21. Bd2 {[%emt 0:00:57]} Qb5+ {[%emt 0:00:35]} 22. Kg1 {[%emt 0:00:27]} Na6 {[%emt 0:00:13]} 23. Qxh8 {[%emt 0:00:21]} Bxh8 {[%emt 0:00:16]} 24. Bc3 {[%emt 0:02:52]} Bd4 {[%emt 0:00:57]} 25. Re1 {[%emt 0:01:22]} Nab4 {[%emt 0:00:45]} 26. Rd1 {[%emt 0:01:07]} Ke7 {[%emt 0:00:52]} 27. h4 {[%emt 0:00:20]} Qe2 {[%emt 0:01:21]} 28. Bxd4 {[%emt 0:00:14]} Nxd4 {[%emt 0:00:04]} 29. Rh3 {[%emt 0:00:11]} Nd5 {[%emt 0:01:28]} 30. Rhd3 {[%emt 0:03:14]} Ne3 {[%emt 0:00:32]} 31. Rc1 {[%emt 0:02:50]} Ng4 {[%emt 0:01:20]} 32. Rf1 {[%emt 0:01:47]} Nxf2 {[%emt 0:00:26]} 33. Ra3 {[%emt 0:00:01]} Ne4 {[%emt 0:00:48]} 34. h5 {[%emt 0:01:03]} Qxh5 {[%emt 0:00:12]} 35. Rh3 {[%emt 0:00:21]} Ne2+ {[%emt 0:00:31]} 36. Kh2 {[%emt 0:00:08]} Qe5+ {[%emt 0:00:14]} 37. g3 {[%emt 0:00:05]} N4xg3 {[%emt 0:00:43]} 38. Rf3 {[%emt 0:00:24]} Nh5+ {[%emt 0:00:36]} 39. Kh1 {[%emt 0:00:03]} Neg3+ {[%emt 0:00:21]} 40. Kh2 {[%emt 0:01:17]} Qe2+ {[%emt 0:00:06]} 41. Kg1 {[%emt 0:00:06]} Qxf3 {[%emt 0:00:27]} 42. Rxh5 {[%emt 0:00:11]} Ne2+ {[%emt 0:00:21]} 43. Kh2 {[%emt 0:00:05]} Qg3+ {[%emt 0:00:05]} 44. Kh1 Qg1# 0-1

[Event "IIFL WEALTH VI Under-13 2021"]
[Site "Mumbai"]
[Date "2022.01.06"]
[Round "8.5"]
[White "Gaikwad Manas"]
[Black "Vedant Mistry"]
[Result "1-0"]
[WhiteElo "1243"]
[BlackElo "1394"]
[Annotator "NA RC"]
[PlyCount "88"]
[EventDate "2021.12.30"]
[EventType "swiss"]
[EventCountry "IND"]
[SourceTitle "playchess.com"]
[Source "ChessBase"]
[SourceQuality "1"]
[TimeControl "5400+30"]

1. e4 {[%emt 0:00:04]} e5 {[%emt 0:00:07]} 2. Nf3 {[%emt 0:00:04]} Nc6 {[%emt 0:00:07]} 3. Bc4 {[%emt 0:00:04]} Bc5 {[%emt 0:00:07]} 4. c3 {[%emt 0:00:04]} Nf6 {[%emt 0:00:07]} 5. d3 {[%emt 0:00:05]} h6 {[%emt 0:00:07]} 6. Bb3 {[%emt 0:00:07]} a6 {[%emt 0:00:57]} 7. Nbd2 {[%emt 0:00:48]} Ba7 {[%emt 0:04:01]} 8. Nf1 d5 {[%emt 0:00:47]} 9. exd5 {[%emt 0:02:34]} Nxd5 {[%emt 0:00:09]} 10. Ng3 {[%emt 0:00:04]} Bg4 {[%emt 0:06:11]} 11. h3 {[%emt 0:01:39]} Be6 {[%emt 0:00:14]} 12. O-O {[%emt 0:00:34]} Qd7 {[%emt 0:01:46]} 13. Re1 {[%emt 0:01:04]} f6 14. d4 {[%emt 0:08:27]} exd4 {[%emt 0:04:48]} 15. Bc2 {[%emt 0:05:46]} d3 {[%emt 0:03:14]} 16. Bxd3 {[%emt 0:00:36]} O-O-O {[%emt 0:01:47]} 17. Rxe6 {[%emt 0:01:49]} Nde7 {[%emt 0:00:34]} 18. Rxe7 {[%emt 0:04:56]} Nxe7 {[%emt 0:02:05]} 19. Ne1 {[%emt 0:00:14]} Qd6 {[%emt 0:18:15]} 20. Qf3 {[%emt 0:03:35]} Rhe8 {[%emt 0:18:49]} 21. Bf4 {[%emt 0:00:31]} Qe6 {[%emt 0:03:50]} 22. Be4 {[%emt 0:02:57]} c6 {[%emt 0:01:00]} 23. Nh5 {[%emt 0:04:33]} Qf7 {[%emt 0:06:41]} 24. Bh2 {[%emt 0:00:38]} f5 {[%emt 0:01:49]} 25. Nd3 {[%emt 0:06:20]} Qf8 {[%emt 0:07:57]} 26. Qg3 {[%emt 0:01:02]} Rd7 {[%emt 0:01:43]} 27. Ne5 {[%emt 0:00:24]} fxe4 28. Nxd7 {[%emt 0:00:35]} Bxf2+ {[%emt 0:03:42]} 29. Qxf2 {[%emt 0:00:08]} Qxf2+ {[%emt 0:00:10]} 30. Kxf2 {[%emt 0:00:02]} Kxd7 {[%emt 0:00:09]} 31. Nxg7 {[%emt 0:00:10]} Rg8 {[%emt 0:00:11]} 32. Nh5 {[%emt 0:00:08]} e3+ {[%emt 0:00:06]} 33. Kg1 {[%emt 0:00:29]} Rg5 {[%emt 0:01:55]} 34. Nf6+ {[%emt 0:00:47]} Ke6 {[%emt 0:00:23]} 35. Ne4 {[%emt 0:00:05]} Rg7 {[%emt 0:01:40]} 36. Re1 {[%emt 0:00:31]} Nf5 {[%emt 0:00:09]} 37. g4 {[%emt 0:00:54]} h5 {[%emt 0:00:08]} 38. g5 {[%emt 0:00:30]} Kd5 {[%emt 0:00:18]} 39. Nf6+ {[%emt 0:00:23]} Kc4 {[%emt 0:00:04]} 40. Bf4 {[%emt 0:00:26]} Kd3 {[%emt 0:00:38]} 41. Nxh5 {[%emt 0:00:17]} Rh7 {[%emt 0:01:16]} 42. Ng3 {[%emt 0:00:10]} Nxg3 {[%emt 0:02:18]} 43. Rxe3+ {[%emt 0:00:06]} Kc2 {[%emt 0:00:05]} 44. Rxg3 {[%emt 0:00:05]} Kxb2 {[%emt 0:00:06]} 1-0

[Event "IIFL WEALTH VI Under-13 2021"]
[Site "Mumbai"]
[Date "2022.01.07"]
[Round "9.1"]
[White "Roy Aanya"]
[Black "Kadam Om Manish"]
[Result "0-1"]
[WhiteElo "1329"]
[BlackElo "2114"]
[Annotator "TA"]
[PlyCount "60"]
[EventDate "2021.12.30"]
[EventType "swiss"]
[EventCountry "IND"]
[SourceTitle "playchess.com"]
[Source "ChessBase"]
[SourceQuality "1"]

{[%evp 17,60,13,0,-20,-10,-37,-34,-31,-39,-51,24,16,37,40,11,0,0,0,0,-8,-4,-62,-76,-75,-64,-432,-439,-862,-859,-996,-995,-1306,-1240,-29971,-1227,-2563,-2564,-29990,-29991,-29984,882,-29985,-29986,-29985,-29986]} 1. e4 c5 2. Nf3 d6 3. d4 cxd4 4. Nxd4 Nf6 5. Nc3 a6 6. Be2 e5 7. Nb3 Be7 8. O-O O-O 9. Kh1 b6 {[%cal Bb7b6,Bb6b5,Bb5b4,Bb4c3,Bc3b2][%mdl 32]} 10. f4 {B92: Sicilian Najdorf: 6 Be2.} Nbd7 11. Bf3 Bb7 12. f5 {Black is slightly better.} b5 13. a3 {[%cal Ba2a3,Ba3a4,Ba4a5][%mdl 32]} Nb6 (13... a5 $15) 14. Na5 $11 {[#]} Rb8 $146 ({Predecessor:} 14... Qc7 15. Nxb7 Qxb7 16. Qe1 Rfe8 17. g4 d5 18. g5 dxe4 19. gxf6 exf3 20. fxe7 Rac8 {1-0 (41) Derakhshani,D (2022)-Jargalmaa,S (1781) Maribor 2012}) 15. Nxb7 Rxb7 16. Bg5 Rc7 17. a4 b4 18. a5 Nc4 19. Bxf6 (19. Na2 $11) 19... bxc3 $15 20. Bxe7 Qxe7 21. Qd3 $2 {[%mdl 8192]} (21. b3 $1 $15 Ne3 22. Qe2 Nxf1 23. Qxf1) 21... cxb2 $19 22. Ra4 {[#]} (22. f6 $142 Qxf6 23. Rab1) 22... Rb8 $1 23. Rb1 {[#]} (23. Raa1 bxa1=N) 23... Qg5 $1 {And now ...Nd2 would win.} 24. Rxc4 (24. Ra2 Qc1+) 24... Rxc4 25. Qxd6 Rcb4 (25... Qc1+ $142 26. Rxc1 bxc1=Q+ 27. Bd1 Rbc8 28. Qd7 Rxc2 29. h4 Rd2 30. Qxc8+ Qxc8 31. Bf3 Qc3 32. h5 Rc2 33. Kg1 Qe1+ 34. Kh2 Qh4+ 35. Kg1 Rc1+ 36. Bd1 Rxd1#) 26. c3 Qc1+ 27. Bd1 Qxb1 28. cxb4 {[#]} Qxd1+ $3 {[%mdl 512]} 29. Qxd1 {[#]} Rc8 $1 {Prevents Qc2.} 30. g4 Rc1 {Weighted Error Value: White=1.47/Black=0.40} 0-1

[Event "IIFL WEALTH VI Under-13 2021"]
[Site "Mumbai"]
[Date "2022.01.07"]
[Round "9.2"]
[White "Adireddy Arjun"]
[Black "Bagwe Gaurang"]
[Result "0-1"]
[WhiteElo "1658"]
[BlackElo "1850"]
[Annotator "NA RC"]
[PlyCount "83"]
[EventDate "2021.12.30"]
[EventType "swiss"]
[EventCountry "IND"]
[SourceTitle "playchess.com"]
[Source "ChessBase"]
[SourceQuality "1"]
[TimeControl "5400+30"]

1. e4 {[%emt 0:00:05]} c5 {[%emt 0:00:05]} 2. Nf3 {[%emt 0:00:13]} d6 {[%emt 0:00:05]} 3. d4 {[%emt 0:00:05]} cxd4 {[%emt 0:00:03]} 4. Nxd4 {[%emt 0:00:07]} Nf6 {[%emt 0:00:03]} 5. Nc3 {[%emt 0:00:07]} g6 {[%emt 0:00:02]} 6. Be3 {[%emt 0:00:14]} Bg7 {[%emt 0:00:02]} 7. f3 {[%emt 0:00:10]} O-O {[%emt 0:00:06]} 8. Qd2 {[%emt 0:00:06]} Nc6 {[%emt 0:00:03]} 9. O-O-O {[%emt 0:00:08]} d5 {[%emt 0:00:16]} 10. exd5 {[%emt 0:00:41]} Nxd5 {[%emt 0:00:04]} 11. Nxc6 {[%emt 0:00:09]} bxc6 {[%emt 0:00:05]} 12. Nxd5 {[%emt 0:00:11]} cxd5 {[%emt 0:00:20]} 13. Qxd5 {[%emt 0:00:12]} Qc7 {[%emt 0:00:16]} 14. Qc5 {[%emt 0:00:05]} Qb7 {[%emt 0:00:57]} 15. b3 {[%emt 0:00:05]} Bf5 {[%emt 0:02:00]} 16. Bd3 {[%emt 0:00:08]} Rac8 {[%emt 0:13:08]} 17. Qa5 {[%emt 0:02:08]} Rc3 {[%emt 0:08:42]} 18. Bxf5 {[%emt 0:00:07]} Rxe3 {[%emt 0:00:40]} 19. Be4 {[%emt 0:00:08]} Qb8 {[%emt 0:00:14]} 20. g3 {[%emt 0:00:16]} Rc8 {[%emt 0:02:56]} 21. Rd7 {[%emt 0:11:01]} f5 {[%emt 0:19:59]} 22. Bb7 {[%emt 0:12:26]} Bc3 {[%emt 0:11:02]} 23. Qd5+ {[%emt 0:23:39]} e6 {[%emt 0:05:49]} 24. Qd6 {[%emt 0:03:23]} Qxd6 {[%emt 0:00:18]} 25. Rxd6 {[%emt 0:00:06]} Rc7 {[%emt 0:00:33]} 26. Ba6 {[%emt 0:00:14]} e5 {[%emt 0:05:38]} 27. Rd3 {[%emt 0:04:10]} Rxd3 {[%emt 0:00:41]} 28. cxd3 {[%emt 0:00:06]} Bd4+ {[%emt 0:00:16]} 29. Bc4+ {[%emt 0:00:15]} Kg7 {[%emt 0:00:08]} 30. Kd2 {[%emt 0:00:30]} h5 {[%emt 0:00:09]} 31. Rf1 {[%emt 0:05:01]} h4 {[%emt 0:00:31]} 32. Ke2 {[%emt 0:06:01]} Kf6 {[%emt 0:00:19]} 33. gxh4 {[%emt 0:06:18]} Rh7 {[%emt 0:00:06]} 34. Rh1 {[%emt 0:00:08]} Rxh4 {[%emt 0:00:35]} 35. Kf1 {[%emt 0:00:14]} Kg5 {[%emt 0:00:09]} 36. Kg2 {[%emt 0:00:34]} Kf4 {[%emt 0:00:06]} 37. Re1 {[%emt 0:00:47]} Rh5 {[%emt 0:00:28]} 38. Bd5 {[%emt 0:00:29]} Rg5+ {[%emt 0:00:49]} 39. Kh1 {[%emt 0:05:16]} Bf2 {[%emt 0:00:16]} 40. h4 {[%emt 0:01:23]} Rh5 {[%emt 0:00:03]} 41. Re2 Kg3 42. b4 0-1

[Event "IIFL WEALTH VI Under-13 2021"]
[Site "Mumbai"]
[Date "2022.01.07"]
[Round "9.3"]
[White "Jaiveer Mahendru"]
[Black "Gaikwad Manas"]
[Result "0-1"]
[WhiteElo "1721"]
[BlackElo "1243"]
[Annotator "NA RC"]
[PlyCount "66"]
[EventDate "2021.12.30"]
[EventType "swiss"]
[EventCountry "IND"]
[SourceTitle "playchess.com"]
[Source "ChessBase"]
[SourceQuality "1"]
[TimeControl "5400+30"]

1. e4 {[%emt 0:00:03]} c5 {[%emt 0:00:40]} 2. Nf3 {[%emt 0:00:04]} d6 {[%emt 0:00:00]} 3. d4 cxd4 {[%emt 0:00:20]} 4. Nxd4 {[%emt 0:00:09]} Nf6 {[%emt 0:00:33]} 5. Nc3 {[%emt 0:00:04]} a6 {[%emt 0:00:39]} 6. Be3 {[%emt 0:00:07]} e5 {[%emt 0:00:26]} 7. Nb3 {[%emt 0:00:04]} Be6 {[%emt 0:01:10]} 8. f3 {[%emt 0:00:07]} Be7 {[%emt 0:00:05]} 9. Qd2 {[%emt 0:00:04]} Nbd7 {[%emt 0:00:06]} 10. O-O-O {[%emt 0:00:06]} b5 {[%emt 0:00:45]} 11. g4 {[%emt 0:00:24]} b4 {[%emt 0:01:03]} 12. Nd5 {[%emt 0:03:17]} Bxd5 {[%emt 0:00:52]} 13. exd5 {[%emt 0:00:03]} Nb6 {[%emt 0:00:41]} 14. Bxb6 {[%emt 0:01:42]} Qxb6 {[%emt 0:00:12]} 15. Qe2 {[%emt 0:01:19]} O-O {[%emt 0:01:18]} 16. f4 {[%emt 0:02:03]} a5 {[%emt 0:02:22]} 17. g5 {[%emt 0:09:40]} Nd7 {[%emt 0:00:53]} 18. h4 {[%emt 0:02:08]} a4 {[%emt 0:01:51]} 19. Na1 {[%emt 0:00:50]} a3 {[%emt 0:08:08]} 20. b3 {[%emt 0:04:38]} exf4 {[%emt 0:00:49]} 21. Qe4 {[%emt 0:09:07]} Ne5 {[%emt 0:01:37]} 22. Qxf4 {[%emt 0:01:45]} f6 {[%emt 0:00:12]} 23. g6 {[%emt 0:09:42]} Nxg6 {[%emt 0:00:15]} 24. Qg3 {[%emt 0:00:30]} f5 {[%emt 0:00:57]} 25. c4 {[%emt 0:01:26]} f4 {[%emt 0:00:55]} 26. Qh3 {[%emt 0:01:33]} Bf6 {[%emt 0:06:32]} 27. Nc2 {[%emt 0:00:22]} Rae8 {[%emt 0:00:10]} 28. Bd3 {[%emt 0:02:54]} Ne5 {[%emt 0:01:07]} 29. Bf5 {[%emt 0:00:46]} f3 {[%emt 0:02:16]} 30. Rhf1 {[%emt 0:03:55]} Nxc4 {[%emt 0:02:22]} 31. bxc4 {[%emt 0:00:13]} b3 {[%emt 0:00:08]} 32. axb3 {[%emt 0:00:17]} Bb2+ {[%emt 0:00:13]} 33. Kb1 {[%emt 0:01:11]} Qxb3 {[%emt 0:00:17]} 0-1

[Event "IIFL WEALTH VI Under-13 2021"]
[Site "Mumbai"]
[Date "2022.01.07"]
[Round "9.4"]
[White "Bharadia Yash"]
[Black "Jain, Kushagra"]
[Result "1-0"]
[WhiteElo "1675"]
[BlackElo "1468"]
[Annotator "NA RC"]
[PlyCount "71"]
[EventDate "2021.12.30"]
[EventType "swiss"]
[EventCountry "IND"]
[SourceTitle "playchess.com"]
[Source "ChessBase"]
[SourceQuality "1"]
[TimeControl "5400+30"]

1. e4 {[%emt 0:00:03]} c5 {[%emt 0:00:04]} 2. Nf3 {[%emt 0:00:10]} d6 {[%emt 0:00:03]} 3. d4 {[%emt 0:00:07]} cxd4 {[%emt 0:00:05]} 4. Nxd4 {[%emt 0:00:11]} Nf6 {[%emt 0:00:02]} 5. Nc3 {[%emt 0:00:11]} a6 {[%emt 0:00:06]} 6. Be3 {[%emt 0:00:05]} e5 {[%emt 0:00:14]} 7. Nb3 {[%emt 0:00:08]} Be7 {[%emt 0:00:17]} 8. f3 {[%emt 0:00:03]} Be6 {[%emt 0:00:06]} 9. Qd2 {[%emt 0:00:15]} Nbd7 {[%emt 0:00:04]} 10. g4 {[%emt 0:00:18]} O-O {[%emt 0:00:17]} 11. O-O-O {[%emt 0:01:17]} b5 {[%emt 0:00:15]} 12. g5 {[%emt 0:00:18]} b4 {[%emt 0:00:39]} 13. Ne2 {[%emt 0:00:27]} Ne8 {[%emt 0:01:36]} 14. Kb1 {[%emt 0:00:48]} a5 {[%emt 0:03:40]} 15. h4 {[%emt 0:04:06]} Nc7 {[%emt 0:13:01]} 16. f4 {[%emt 0:03:22]} exf4 {[%emt 0:08:35]} 17. Nxf4 {[%emt 0:01:03]} Ne5 {[%emt 0:00:36]} 18. Nd4 {[%emt 0:03:15]} Qd7 {[%emt 0:04:13]} 19. Be2 {[%emt 0:04:03]} Rfb8 {[%emt 0:03:48]} 20. Rdg1 {[%emt 0:08:50]} a4 {[%emt 0:02:27]} 21. h5 {[%emt 0:02:28]} b3 {[%emt 0:08:07]} 22. cxb3 {[%emt 0:01:06]} axb3 {[%emt 0:01:10]} 23. a3 {[%emt 0:00:04]} d5 {[%emt 0:11:46]} 24. g6 {[%emt 0:13:10]} Bxa3 {[%emt 0:10:06]} 25. gxf7+ {[%emt 0:36:42]} Nxf7 {[%emt 0:18:10]} 26. bxa3 {[%emt 0:06:22]} Rxa3 {[%emt 0:00:40]} 27. Rxg7+ {[%emt 0:04:26]} Kxg7 {[%emt 0:01:58]} 28. Qb2 {[%emt 0:00:48]} Ne5 {[%emt 0:03:27]} 29. Qxa3 {[%emt 0:00:58]} Ra8 {[%emt 0:01:08]} 30. Qb2 {[%emt 0:00:35]} Kg8 {[%emt 0:03:56]} 31. Ndxe6 {[%emt 0:00:27]} Nxe6 {[%emt 0:00:06]} 32. Qxe5 {[%emt 0:00:26]} b2 {[%emt 0:00:00]} 33. Rg1+ {[%emt 0:00:00]} Ng7 {[%emt 0:00:00]} 34. Rxg7+ {[%emt 0:00:13]} Qxg7 {[%emt 0:00:04]} 35. Qxd5+ {[%emt 0:00:08]} Qf7 {[%emt 0:00:11]} 36. Qxa8+ {[%emt 0:00:13]} 1-0